[Event "SportAccord World Mind Games (Women's Rapid)"]
[Site "Beijing CHN"]
[Date "2012.12.14"]
[EventDate "2012.12.14"]
[Round "3.6"]
[Result "0-1"]
[White "Anna Zatonskih"]
[Black "Viktorija Cmilyte"]
[WhiteElo "2489"]
[BlackElo "2524"]
[PlyCount "58"]

1. d4 Nf6 2. c4 g6 3. Nc3 d5 4. Nf3 Bg7 5. e3 O-O 6. Be2 dxc4
7. Bxc4 c5 8. d5 Bg4 9. Be2 Nbd7 10. O-O Ne8 11. h3 Bxf3
12. Bxf3 Nd6 13. Be2 c4 14. Qc2 b5 15. e4 Nc5 16. f3 Bd4+
17. Kh1 b4 18. Na4 Nxa4 19. Qxa4 Qb6 20. Rb1 f5 21. Bf4 fxe4
22. fxe4 Nxe4 23. Bxc4 Rxf4 24. Rxf4 Ng3+ 25. Kh2 Qd6 26. Kxg3
Rf8 27. Rf1 Be3 28. Kh2 Rxf4 29. Qc6 Rxc4+ 0-1

[Event "SportAccord World Mind Games (Women's Rapid)"]
[Site "Beijing CHN"]
[Date "2012.12.15"]
[EventDate "2012.12.6"]
[Round "5.8"]
[Result "1-0"]
[White "Anna Zatonskih"]
[Black "Bela Khotenashvili"]
[WhiteElo "2489"]
[BlackElo "2504"]
[PlyCount "101"]

1. e4 c6 2. Nc3 d5 3. Nf3 Bg4 4. h3 Bxf3 5. Qxf3 e6 6. d3 Nf6
7. Bd2 Nbd7 8. g3 Bc5 9. Bg2 O-O 10. Qe2 b5 11. O-O Bd4
12. Rab1 a5 13. Kh2 Re8 14. g4 b4 15. Nd1 dxe4 16. dxe4 Nb6
17. c3 Bc5 18. e5 Nfd5 19. Rc1 bxc3 20. Nxc3 Bd4 21. f4 Qd7
22. Rfd1 a4 23. Kg3 Rec8 24. Be1 c5 25. Ne4 a3 26. b4 Qe7
27. Nd6 Rc7 28. Nb5 Rcc8 29. Nd6 Rc7 30. Nb5 Rd7 31. Nd6 g5
32. bxc5 Nxf4 33. Qe4 Bxc5 34. Rxc5 Ra4 35. Rc8+ Kg7 36. Qb1
Nxc8 37. Nxc8 Rxd1 38. Qxd1 Qe8 39. Nd6 Qb8 40. Qxa4 Qb2
41. Qe4 Qxa2 42. Ne8+ Kh6 43. Nf6 Ng6 44. h4 gxh4+ 45. Kh3
Qb3+ 46. Kh2 a2 47. Bd2+ Kg7 48. Qa8 Qg3+ 49. Kh1 a1=Q+
50. Qxa1 h3 51. Nh5+ 1-0

[Event "SportAccord World Mind Games (Women's Rapid)"]
[Site "Beijing CHN"]
[Date "2012.12.15"]
[EventDate "2012.12.6"]
[Round "6.6"]
[Result "1/2-1/2"]
[White "Elina Danielian"]
[Black "Anna Zatonskih"]
[WhiteElo "2476"]
[BlackElo "2489"]
[PlyCount "101"]

1. d4 d5 2. Nf3 e6 3. Bf4 Bd6 4. Bg3 Nf6 5. Nbd2 O-O 6. e3 b6
7. c3 Ba6 8. Bxa6 Nxa6 9. Qe2 Nb8 10. a4 Re8 11. a5 Nc6
12. axb6 axb6 13. O-O Bxg3 14. hxg3 Qc8 15. e4 Rxa1 16. Rxa1
dxe4 17. Nxe4 Nxe4 18. Qxe4 Qd7 19. Re1 h6 20. g4 Ne7 21. g5
Nf5 22. gxh6 Nxh6 23. Ng5 g6 24. d5 e5 25. Nf3 Ng4 26. g3 Kg7
27. Kg2 Nf6 28. Nxe5 Qxd5 29. Qxd5 Nxd5 30. Kf3 f6 31. Nd3
Rxe1 32. Nxe1 Kf7 33. Ke4 Ke6 34. Nf3 c5 35. Nh4 Ne7 36. Ng2
Nd5 37. c4 f5+ 38. Kf3 Ne7 39. Nf4+ Ke5 40. Ke3 g5 41. Nd3+
Ke6 42. b4 cxb4 43. Nxb4 Ke5 44. f4+ gxf4+ 45. gxf4+ Ke6
46. Kd3 Kd6 47. Kd4 Ng6 48. Nd5 Kc6 49. Nb4+ Kd6 50. Nd5 Kc6
51. Nb4+ 1/2-1/2

[Event "SportAccord World Mind Games (Women's Blindfold)"]
[Site "Beijing CHN"]
[Date "2012.12.19"]
[EventDate "2012.12.18"]
[Round "6.3"]
[Result "1-0"]
[White "Anna Zatonskih"]
[Black "Koneru Humpy"]
[WhiteElo "2489"]
[BlackElo "2610"]
[PlyCount "139"]

1. d4 Nf6 2. c4 e6 3. Nc3 c5 4. d5 exd5 5. cxd5 d6 6. Nf3 g6
7. Bf4 a6 8. a4 Bg7 9. h3 O-O 10. e3 Re8 11. Bd3 Qc7 12. O-O
Nbd7 13. Bh2 Rb8 14. Qe2 Nb6 15. Rfd1 Bd7 16. a5 Nc8 17. Nd2
Bf8 18. Qf3 Qd8 19. Nde4 Nxe4 20. Nxe4 Bg7 21. Nxc5 Bb5
22. Bxb5 axb5 23. Qe2 Na7 24. Nb3 Rc8 25. a6 Rb8 26. axb7 Rxb7
27. Ra6 Nc8 28. Rc1 Qd7 29. Na5 Rb6 30. Ra8 Ne7 31. Rxe8+ Qxe8
32. Qd2 Nf5 33. Nc6 h5 34. Bf4 Qe4 35. f3 Qa4 36. e4 Nd4
37. Nxd4 Qxd4+ 38. Qxd4 Bxd4+ 39. Kf1 Bxb2 40. Rc6 Rb7
41. Bxd6 b4 42. Ke2 b3 43. Kd1 Bd4 44. Rc8+ Kg7 45. Rb8 Rxb8
46. Bxb8 Kf6 47. f4 g5 48. Be5+ Bxe5 49. fxe5+ Kxe5 50. g4
hxg4 51. hxg4 f5 52. exf5 Kxd5 53. Kc1 Ke5 54. Kb2 Kd6
55. Kxb3 Kc5 56. Ka4 Kc6 57. Kb4 Kd5 58. Kb5 Kd6 59. Kc4 Ke5
60. Kc5 Kf6 61. Kd6 Kf7 62. Ke5 Ke7 63. f6+ Kf7 64. Kf5 Kf8
65. Kxg5 Kg8 66. Kg6 Kh8 67. Kf5 Kg8 68. Ke6 Kf8 69. g5 Kg8
70. Ke7 1-0

[Event "SportAccord World Mind Games (Women's Blindfold)"]
[Site "Beijing CHN"]
[Date "2012.12.19"]
[EventDate "2012.12.18"]
[Round "7.1"]
[Result "1/2-1/2"]
[White "Viktorija Cmilyte"]
[Black "Anna Zatonskih"]
[WhiteElo "2524"]
[BlackElo "2489"]
[PlyCount "69"]

1. d4 d5 2. c4 e6 3. Nc3 Be7 4. Bf4 Nf6 5. e3 O-O 6. Rc1 Nbd7
7. cxd5 exd5 8. Bd3 c5 9. Nge2 a6 10. dxc5 Nxc5 11. Bb1 Bg4
12. O-O Bh5 13. Be5 Rc8 14. Re1 Ncd7 15. Bg3 Nb6 16. Qb3 Rc4
17. Nf4 Rb4 18. Qc2 Bg6 19. Nxg6 hxg6 20. b3 Rg4 21. f3 Rxg3
22. hxg3 Bd6 23. Ne2 Re8 24. Qd3 Qe7 25. Kf2 Nbd7 26. Nf4 Ne5
27. Qd4 Nc6 28. Qd3 Qe5 29. Rh1 Bc7 30. Rce1 Bb6 31. Re2 Qg5
32. Nh3 Qe5 33. Nf4 Qg5 34. Nh3 Qe5 35. Nf4 1/2-1/2

[Event "Tradewise Gibraltar"]
[Site "Catalan Bay GIB"]
[Date "2013.01.23"]
[EventDate "2013.01.22"]
[Round "2.49"]
[Result "1-0"]
[White "Anna Zatonskih"]
[Black "Piotr Dukaczewski"]
[WhiteElo "2491"]
[BlackElo "2268"]
[PlyCount "51"]

1. d4 d5 2. c4 dxc4 3. Nf3 Nf6 4. e3 e6 5. Bxc4 c5 6. O-O a6
7. dxc5 Bxc5 8. Qxd8+ Kxd8 9. Ne5 Ke7 10. Be2 Nbd7 11. Nd3 Bd6
12. Nd2 b5 13. Nb3 Bb7 14. Na5 Bd5 15. Bd2 Ne4 16. Be1 f5
17. Nb4 Rhc8 18. Rd1 Nb6 19. Bd3 Be5 20. f3 Nf6 21. e4 fxe4
22. fxe4 Nxe4 23. Bxe4 Bxe4 24. Nbc6+ Bxc6 25. Bb4+ Bd6
26. Rxd6 1-0

[Event "Tradewise Gibraltar"]
[Site "Catalan Bay GIB"]
[Date "2013.01.24"]
[EventDate "2013.01.22"]
[Round "3"]
[Result "1-0"]
[White "Yu Yangyi"]
[Black "Anna Zatonskih"]
[WhiteElo "2688"]
[BlackElo "2491"]
[PlyCount "47"]

1. e4 e6 2. d4 d5 3. e5 c5 4. c3 Qb6 5. Nf3 Bd7 6. Bd3 cxd4
7. Nxd4 Nc6 8. Nxc6 bxc6 9. O-O c5 10. c4 dxc4 11. Be4 Rd8
12. Nd2 Qa6 13. b3 Bb5 14. a4 c3 15. axb5 Qxa1 16. Bc6+ Ke7
17. Qc2 Qa5 18. Nc4 Qc7 19. Qxc3 f6 20. Bf4 Kf7 21. g3 f5
22. Ra1 Kg6 23. Nd6 Rxd6 24. Be8+ 1-0

[Event "Tradewise Gibraltar"]
[Site "Catalan Bay GIB"]
[Date "2013.01.25"]
[EventDate "2013.01.22"]
[Round "4.34"]
[Result "1-0"]
[White "Anna Zatonskih"]
[Black "Alan Tate"]
[WhiteElo "2491"]
[BlackElo "2290"]
[PlyCount "83"]

1. d4 Nf6 2. c4 c5 3. d5 b5 4. cxb5 a6 5. bxa6 g6 6. Nc3 Bxa6
7. e4 Bxf1 8. Kxf1 d6 9. Nge2 Bg7 10. h3 O-O 11. Kg1 Nbd7
12. Kh2 Qa5 13. Qc2 Rfb8 14. Rb1 Ne8 15. Bg5 Kf8 16. Rhc1 Nc7
17. a4 Rb7 18. b3 Rab8 19. Bd2 Qa6 20. Be1 Kg8 21. Na2 Ra8
22. Nec3 Rab8 23. Kg1 Ne5 24. Rd1 Nd7 25. Rdc1 Ne5 26. Rd1 Nd7
27. Bd2 Rb6 28. Be3 R6b7 29. Kh1 Ne5 30. f4 Nd7 31. Bf2 Qa5
32. Be1 Qa6 33. Bh4 Kf8 34. e5 dxe5 35. Bxe7+ Kxe7 36. d6+ Kf8
37. dxc7 Rxc7 38. Nb5 Rcb7 39. Rd6 Qa5 40. f5 Kg8 41. Rf1 Bf8
42. fxg6 1-0

[Event "Tradewise Gibraltar"]
[Site "Catalan Bay GIB"]
[Date "2013.01.26"]
[EventDate "2013.01.22"]
[Round "5.24"]
[Result "0-1"]
[White "Andrea Amato"]
[Black "Anna Zatonskih"]
[WhiteElo "2259"]
[BlackElo "2491"]
[PlyCount "122"]

1. Nf3 d5 2. d4 Nf6 3. g3 c6 4. Bg2 Bf5 5. O-O h6 6. c4 e6
7. Nc3 Be7 8. b3 O-O 9. Bb2 Nbd7 10. Nd2 Qb6 11. e4 dxe4
12. Ndxe4 Nxe4 13. Nxe4 Nf6 14. Qe2 Rfd8 15. Rfd1 Nxe4
16. Bxe4 Bxe4 17. Qxe4 Bf6 18. Rd3 Rd7 19. Rad1 Rad8 20. Kg2
Qa6 21. Qe2 b5 22. d5 bxc4 23. Bxf6 gxf6 24. Qg4+ Kf8 25. bxc4
cxd5 26. cxd5 Rxd5 27. Rxd5 Rxd5 28. Rb1 Qc6 29. Kh3 Rg5
30. Qh4 Kg7 31. f4 Rg6 32. Qh5 e5 33. Rf1 exf4 34. Rxf4 Qe6+
35. Kh4 Qxa2 36. h3 Rg5 37. Qf3 Qe6 38. Qf2 a5 39. g4 Qe5
40. Qd2 f5 41. Qf2 Qe7 42. Kg3 fxg4 43. hxg4 h5 44. Qd4+ Qe5
45. Qxe5+ Rxe5 46. gxh5 Rxh5 47. Kf3 Rb5 48. Re4 Rb3+ 49. Ke2
Rb4 50. Re5 a4 51. Ra5 Kg6 52. Kf3 f6 53. Ke3 Rb3+ 54. Kf4 Ra3
55. Kg4 Ra1 56. Ra8 a3 57. Kg3 f5 58. Ra6+ Kg5 59. Kf3 a2
60. Kg2 f4 61. Ra5+ Kg4 0-1

[Event "Tradewise Gibraltar"]
[Site "Catalan Bay GIB"]
[Date "2013.01.27"]
[EventDate "2013.01.22"]
[Round "6.13"]
[Result "0-1"]
[White "Anna Zatonskih"]
[Black "Ivan Salgado Lopez"]
[WhiteElo "2491"]
[BlackElo "2606"]
[PlyCount "129"]

1. d4 e6 2. c4 b6 3. Nc3 Bb7 4. Nf3 Nf6 5. a3 d5 6. Bg5 Be7
7. e3 h6 8. Bh4 O-O 9. Be2 Nbd7 10. O-O c5 11. Rc1 Ne4
12. Bxe7 Qxe7 13. cxd5 Nxc3 14. Rxc3 Bxd5 15. Bb5 Rad8
16. Bxd7 Rxd7 17. Ne5 Rdd8 18. Qg4 cxd4 19. exd4 Qg5 20. Qxg5
hxg5 21. f4 f6 22. Ng6 Rfe8 23. fxg5 Be4 24. Nh4 fxg5 25. Nf3
Bxf3 26. Rfxf3 Rxd4 27. Rc7 Rf8 28. Rxa7 Rd1+ 29. Kf2 Rd2+
30. Kg3 Rxb2 31. Rxf8+ Kxf8 32. a4 Ra2 33. Kf3 g4+ 34. Kg3 Kg8
35. h4 gxh3 36. gxh3 Ra3+ 37. Kg4 b5 38. a5 b4 39. Kf4 Rxh3
40. Rb7 Ra3 41. Ke5 Rxa5+ 42. Kxe6 Kh7 43. Rxb4 Rh5 44. Rb1
Kh6 45. Rg1 g6 46. Kf6 Rf5+ 47. Ke6 Rf4 48. Rh1+ Kg5 49. Ke5
Rh4 50. Ra1 Kh5 51. Rg1 g5 52. Kf5 Rf4+ 53. Ke5 Rf3 54. Ke4 g4
55. Rh1+ Kg5 56. Rh8 Ra3 57. Rh7 g3 58. Rg7+ Kh4 59. Kf4 Kh3
60. Rb7 Kh2 61. Kg4 g2 62. Rh7+ Kg1 63. Rf7 Re3 64. Rf8 Re7
65. Ra8 0-1

[Event "Tradewise Gibraltar"]
[Site "Catalan Bay GIB"]
[Date "2013.01.28"]
[EventDate "2013.01.22"]
[Round "7.30"]
[Result "1/2-1/2"]
[White "Pavel Janev"]
[Black "Anna Zatonskih"]
[WhiteElo "2126"]
[BlackElo "2491"]
[PlyCount "58"]

1. e4 e6 2. d4 d5 3. Nc3 dxe4 4. Nxe4 Nd7 5. Nf3 Ngf6 6. Nxf6+
Nxf6 7. Ne5 Be7 8. Bd3 O-O 9. O-O c5 10. dxc5 Qc7 11. Qe2 Qxc5
12. Bg5 h6 13. Bh4 Qd4 14. g4 Qxb2 15. Rab1 Qd4 16. c3 Qf4
17. Rb4 Bxb4 18. Bg3 Qxg3+ 19. fxg3 Bxc3 20. Bb1 Rd8 21. Nf3
Bd7 22. h4 Nd5 23. g5 hxg5 24. Bh7+ Kxh7 25. Nxg5+ Kg8 26. Qh5
Nf6 27. Rxf6 Bxf6 28. Qxf7+ Kh8 29. Qh5+ Kg8 1/2-1/2

[Event "Tradewise Gibraltar"]
[Site "Catalan Bay GIB"]
[Date "2013.01.29"]
[EventDate "2013.01.22"]
[Round "8"]
[Result "0-1"]
[White "Anna Zatonskih"]
[Black "Manuel Fenollar Jorda"]
[WhiteElo "2491"]
[BlackElo "2325"]
[PlyCount "130"]

1. e4 e5 2. Nf3 Nc6 3. Bb5 a6 4. Ba4 Nf6 5. O-O b5 6. Bb3 Bc5
7. c3 d6 8. a4 Rb8 9. d4 Bb6 10. Na3 O-O 11. axb5 axb5
12. Nxb5 Bg4 13. Bc2 Bxf3 14. gxf3 Nh5 15. f4 Qh4 16. Qf3 exd4
17. e5 dxc3 18. bxc3 Bc5 19. Qxc6 Rxb5 20. Ra4 Qg4+ 21. Qg2
Qxg2+ 22. Kxg2 g6 23. Re1 Rbb8 24. Rc4 Ng7 25. f5 Nxf5
26. Bxf5 gxf5 27. Bg5 Rb2 28. Bh4 Kg7 29. Kf3 h6 30. exd6 cxd6
31. Rg1+ Kh7 32. Bg3 Ra8 33. Rf4 Raa2 34. Kg2 Kg6 35. Kh3 Kf6
36. Rd1 Rd2 37. Rf1 d5 38. Rh4 Bxf2 39. Rxh6+ Kg5 40. Bxf2
Rxf2 41. Rxf2 Rxf2 42. Rd6 Rd2 43. Kg3 Rd3+ 44. Kf2 Kf4 45. h4
Ke4 46. Rc6 Rh3 47. Rc7 Rxh4 48. Re7+ Kd3 49. Rd7 Ke4 50. Re7+
Kf4 51. Rxf7 Rh2+ 52. Ke1 Rc2 53. Rc7 d4 54. Rc4 Ke3 55. Rxd4
Rxc3 56. Rd1 f4 57. Kf1 Kf3 58. Kg1 Kg3 59. Kh1 f3 60. Rg1+
Kh3 61. Rd1 Re3 62. Kg1 Kg3 63. Kf1 Ra3 64. Ke1 Ra2 65. Kf1
Rb2 0-1

[Event "Women's World Team Championship"]
[Site "Astana KAZ"]
[Date "2013.03.05"]
[EventDate "2013.03.03"]
[Round "3.1"]
[Result "1-0"]
[White "Ju Wenjun"]
[Black "Anna Zatonskih"]
[WhiteElo "2505"]
[BlackElo "2491"]
[PlyCount "75"]

1. c4 e6 2. Nf3 d5 3. g3 dxc4 4. Qa4+ Nd7 5. Bg2 a6 6. Qxc4 b5
7. Qc2 Bb7 8. O-O Ngf6 9. Nc3 c5 10. d3 Bd6 11. a4 Bc6 12. e4
O-O 13. Rd1 e5 14. Qb3 Qc7 15. Be3 Qb7 16. Nh4 Rfe8 17. Nf5
Bf8 18. Nd5 Rab8 19. axb5 axb5 20. Rdc1 Re6 21. Ra2 Ng4
22. Rca1 Nxe3 23. Nfxe3 Qc8 24. Ra7 Rb7 25. Bh3 Re8 26. R7a6
Rb8 27. Qd1 b4 28. Qf3 Bb5 29. Ra7 Rb7 30. Nf5 Rxa7 31. Rxa7
Re6 32. Nxg7 Qb8 33. Nxe6 Qxa7 34. Ng5 Nb8 35. Nf6+ Kg7
36. Ngxh7 Bd7 37. Bxd7 Nxd7 38. Qg4+ 1-0

[Event "Women's World Team Championship"]
[Site "Astana KAZ"]
[Date "2013.03.06"]
[EventDate "2013.03.03"]
[Round "4.1"]
[Result "1/2-1/2"]
[White "Anna Zatonskih"]
[Black "Sophie Milliet"]
[WhiteElo "2491"]
[BlackElo "2408"]
[PlyCount "69"]

1. d4 Nf6 2. c4 e6 3. Nc3 Bb4 4. Qc2 O-O 5. Nf3 c5 6. dxc5 Na6
7. g3 Nxc5 8. Bg2 d6 9. O-O Bxc3 10. Qxc3 e5 11. b4 Nce4
12. Qc2 Be6 13. Nh4 Rc8 14. c5 dxc5 15. Bxe4 Qd4 16. Bxb7 Qxa1
17. Bxc8 Rxc8 18. Be3 Qxa2 19. Qxa2 Bxa2 20. Bxc5 a6 21. Nf5
Ra8 22. f3 Bc4 23. Kf2 e4 24. Rc1 Be6 25. Ne3 exf3 26. exf3 h5
27. Rd1 Rc8 28. Be7 Rb8 29. Rd6 Rb7 30. Bxf6 gxf6 31. Rd4 Rb5
32. Ng2 a5 33. bxa5 Rb2+ 34. Kg1 Rb1+ 35. Kf2 1/2-1/2

[Event "Women's World Team Championship"]
[Site "Astana KAZ"]
[Date "2013.03.10"]
[EventDate "2013.03.03"]
[Round "7.1"]
[Result "1/2-1/2"]
[White "Anna Zatonskih"]
[Black "Valentina Gunina"]
[WhiteElo "2491"]
[BlackElo "2490"]
[PlyCount "66"]

1. d4 d5 2. c4 c6 3. Nf3 Nf6 4. Qc2 dxc4 5. Qxc4 Bf5 6. g3 e6
7. Bg2 Be7 8. O-O Nbd7 9. e3 O-O 10. Qe2 Qc7 11. Nc3 e5 12. h3
Ne4 13. Nd2 Nxd2 14. Bxd2 exd4 15. exd4 Rfe8 16. Rfe1 Nf6
17. Bf4 Qd7 18. g4 Be6 19. Qd2 Rad8 20. Rad1 Qc8 21. Qc1 Rd7
22. Be5 Red8 23. b3 Nd5 24. Ne4 f6 25. Bg3 f5 26. Ng5 Bxg5
27. Qxg5 h6 28. Qd2 Rf7 29. f3 Rdf8 30. Bd6 Rd8 31. Bg3 Rdf8
32. Bd6 Rd8 33. Bg3 Rdf8 1/2-1/2

[Event "Women's World Team Championship"]
[Site "Astana KAZ"]
[Date "2013.03.11"]
[EventDate "2013.03.03"]
[Round "8.1"]
[Result "1-0"]
[White "Kateryna Lahno"]
[Black "Anna Zatonskih"]
[WhiteElo "2547"]
[BlackElo "2474"]
[PlyCount "93"]

1. e4 e5 2. Nf3 Nf6 3. d4 Nxe4 4. Bd3 d5 5. Nxe5 Be7 6. O-O
Nd7 7. Qf3 Ndf6 8. c4 Be6 9. Nc3 Nxc3 10. bxc3 O-O 11. c5 Nd7
12. Bf4 Nxe5 13. Bxe5 g6 14. a4 b6 15. Qe3 Bg5 16. f4 Bh6
17. Qe2 Bd7 18. f5 f6 19. Bg3 Kg7 20. Qf3 bxc5 21. dxc5 Qe7
22. Qxd5 c6 23. Qd6 Be3+ 24. Bf2 Bxf2+ 25. Rxf2 Qxd6 26. cxd6
Bxf5 27. Bxf5 gxf5 28. Rxf5 Rfd8 29. Rd1 Rac8 30. c4 c5
31. Kf2 Rc6 32. Rfd5 Rd7 33. Ke3 Kf7 34. Kf4 Ke6 35. Re1+ Kf7
36. Red1 Ke6 37. Rh5 Rcxd6 38. Re1+ Kf7 39. Rxh7+ Kg6 40. Rxd7
Rxd7 41. g4 Rd2 42. h4 Rf2+ 43. Kg3 Rc2 44. h5+ Kg5 45. Rf1
Rc3+ 46. Rf3 Rxc4 47. Rf5+ 1-0

[Event "US Chess Championships (Women)"]
[Site "St Louis, MO USA"]
[Date "2013.05.03"]
[EventDate "2013.05.03"]
[Round "1"]
[Result "1-0"]
[White "Anna Zatonskih"]
[Black "Anjelina Belakovskaia"]
[WhiteElo "2466"]
[BlackElo "2263"]
[PlyCount "52"]

1. d4 d5 2. c4 e5 3. e3 exd4 4. exd4 Nc6 5. Nc3 Bb4 6. Nf3 Bg4
7. Be3 Nf6 8. c5 O-O 9. Be2 Ne4 10. Qb3 Re8 11. Rd1 Bxc3+
12. bxc3 Na5 13. Qb4 Nc4 14. O-O Nxf2 15. Bg5 Nxd1 16. Bxd8
Rxe2 17. Qxb7 Rxd8 18. Rxd1 Bxf3 19. gxf3 Nd2 20. Qxc7 Nxf3+
21. Kf1 Rde8 22. Qf4 Nxh2+ 23. Kg1 h5 24. c6 R8e4 25. Qxe4
dxe4 26. c7 Nf3+ 1-0

[Event "US Chess Championships (Women)"]
[Site "St Louis, MO USA"]
[Date "2013.05.04"]
[EventDate "2013.05.03"]
[Round "2"]
[Result "0-1"]
[White "Sarah Chiang"]
[Black "Anna Zatonskih"]
[WhiteElo "2098"]
[BlackElo "2466"]
[PlyCount "86"]

1. d4 d5 2. c4 c6 3. Nf3 e6 4. e3 f5 5. Nc3 Nf6 6. Bd3 Bd6
7. O-O O-O 8. Qc2 Ne4 9. Ne5 Nd7 10. f3 Nef6 11. Nxd7 Bxd7
12. e4 fxe4 13. fxe4 e5 14. exd5 exd4 15. Ne4 Nxe4 16. Rxf8+
Qxf8 17. Bxe4 h6 18. Bd2 Re8 19. Re1 Kh8 20. Qd3 Qf6 21. Qf3
Qe5 22. g3 Rf8 23. Qg2 Qh5 24. Rf1 Rxf1+ 25. Qxf1 c5 26. Bc2
Kg8 27. Qd3 Kf7 28. Qe4 Qg4 29. Qxg4 Bxg4 30. Kf2 Kf6 31. Bd3
g5 32. Bf1 Bf5 33. Be2 Be4 34. h3 b5 35. b3 b4 36. Bd1 Bb1
37. Bc1 Bxa2 38. Bc2 a5 39. Bb2 Be5 40. Bd1 a4 41. bxa4 Bxc4
42. Bf3 d3 43. Bc1 b3 0-1

[Event "US Chess Championships (Women)"]
[Site "St Louis, MO USA"]
[Date "2013.05.05"]
[EventDate "2013.05.03"]
[Round "3"]
[Result "0-1"]
[White "Anna Zatonskih"]
[Black "Irina Krush"]
[WhiteElo "2466"]
[BlackElo "2470"]
[PlyCount "120"]

1. Nf3 Nf6 2. c4 g6 3. Nc3 Bg7 4. d4 O-O 5. e4 d6 6. Be2 e5
7. O-O Nc6 8. d5 Ne7 9. Ne1 Nd7 10. Nd3 f5 11. f3 f4 12. Bd2
h5 13. Rc1 g5 14. Be1 Ng6 15. c5 Nf6 16. Nb5 Rf7 17. Qc2 a6
18. Na3 g4 19. Nc4 gxf3 20. Bxf3 Bg4 21. Qf2 Bf8 22. cxd6 cxd6
23. Kh1 Nh7 24. Bb4 Qf6 25. Rc2 Ng5 26. Rfc1 Rg7 27. Nb6 Re8
28. Rc7 Ree7 29. Rxe7 Bxe7 30. Rc7 Nxf3 31. gxf3 Bh3 32. Nc8
Bf8 33. Rxg7+ Kxg7 34. Nb6 Be7 35. Qg1 Bd8 36. Nc4 Bc7 37. Be1
Kf7 38. Bf2 Nh4 39. Ne1 b5 40. Nb6 Qd8 41. b4 Ng6 42. a4 Bxb6
43. Bxb6 Qc8 44. axb5 axb5 45. Qf2 Qc4 46. Ba5 Nf8 47. Qa7+
Nd7 48. Qf2 Nf6 49. Qa7+ Kg6 50. Qg1+ Ng4 51. fxg4 Qxe4+
52. Ng2 hxg4 53. Qf2 Qxd5 54. Qc2+ Kg7 55. Bc7 f3 56. Kg1 Bxg2
57. Kf2 Qd4+ 58. Kg3 Qf4+ 59. Kf2 Qxh2 60. Qf5 Bh3+ 0-1

[Event "US Chess Championships (Women)"]
[Site "St Louis, MO USA"]
[Date "2013.05.06"]
[EventDate "2013.05.03"]
[Round "4"]
[Result "0-1"]
[White "Viktorija Ni"]
[Black "Anna Zatonskih"]
[WhiteElo "2262"]
[BlackElo "2466"]
[PlyCount "104"]

1. d4 d5 2. c4 c6 3. cxd5 cxd5 4. Bf4 Nf6 5. Nc3 e6 6. e3 Be7
7. Bd3 O-O 8. h3 a6 9. Nf3 b5 10. O-O Bb7 11. Rc1 Nbd7 12. Ne5
Nb6 13. Bb1 Rc8 14. g4 b4 15. Ne2 Nc4 16. b3 Na3 17. Bd3 Ne4
18. Bxe4 dxe4 19. Nc4 Nxc4 20. bxc4 a5 21. Qb3 Ba6 22. Rfe1 a4
23. Qxa4 Bxc4 24. Qc2 Bd5 25. Qd2 Ra8 26. Rc2 Ra3 27. Nc1 Qa5
28. Rc7 Re8 29. Re2 Rc3 30. Rxc3 bxc3 31. Qc2 Qb4 32. Re1 Rc8
33. Ne2 Qc4 34. Rb1 g5 35. Be5 f6 36. Bg3 Qxa2 37. Qxa2 Bxa2
38. Rb7 Kf8 39. Bc7 Bd5 40. Ra7 c2 41. Nc1 Ra8 42. Rxa8+ Bxa8
43. Ba5 Bd5 44. Kf1 Ba3 45. Bd2 Ke8 46. Kg2 Kd7 47. Kg3 Kc6
48. h4 h6 49. hxg5 hxg5 50. Kg2 Bb2 51. Kf1 Kb5 52. Ke1 Bc4
0-1

[Event "US Chess Championships (Women)"]
[Site "St Louis, MO USA"]
[Date "2013.05.07"]
[EventDate "2013.05.03"]
[Round "5"]
[Result "1/2-1/2"]
[White "Anna Zatonskih"]
[Black "Tatev Abrahamyan"]
[WhiteElo "2466"]
[BlackElo "2280"]
[PlyCount "60"]

1. d4 Nf6 2. c4 e6 3. Nc3 Bb4 4. e3 O-O 5. Nge2 d5 6. a3 Be7
7. Nf4 dxc4 8. Bxc4 c5 9. dxc5 Qxd1+ 10. Kxd1 Bxc5 11. Ke2 Nc6
12. Rd1 a6 13. b4 Be7 14. Bb2 b5 15. Bb3 Bb7 16. Rd2 Rfb8
17. Nd3 a5 18. Nxb5 axb4 19. axb4 Rxa1 20. Bxa1 Nxb4 21. Be5
Rd8 22. f3 Ba6 23. Ba4 Rxd3 24. Rxd3 Nxd3 25. Kxd3 Nd7 26. Bd4
e5 27. Ba7 Bc5 28. Kd2 Bxb5 29. Bxb5 Bxa7 30. Bxd7 Kf8 1/2-1/2

[Event "US Chess Championships (Women)"]
[Site "St Louis, MO USA"]
[Date "2013.05.09"]
[EventDate "2013.05.03"]
[Round "6"]
[Result "0-1"]
[White "Camilla Baginskaite"]
[Black "Anna Zatonskih"]
[WhiteElo "2278"]
[BlackElo "2466"]
[PlyCount "156"]

1. d4 d5 2. c4 c6 3. Nf3 e6 4. e3 f5 5. Bd3 Nf6 6. O-O Bd6
7. b3 Qe7 8. Qc2 O-O 9. Ne5 b6 10. Bb2 Bb7 11. cxd5 Nxd5
12. a3 Nd7 13. Nd2 Rac8 14. Ndc4 Bb8 15. Qe2 c5 16. Nxd7 Qxd7
17. dxc5 Rxc5 18. Rac1 Rd8 19. Rfd1 Rcc8 20. Ne5 Qe7 21. Ba6
Rxc1 22. Rxc1 Bxe5 23. Bxe5 Qxa3 24. Ra1 Bxa6 25. Qxa6 Qxa6
26. Rxa6 Nb4 27. Ra1 Rd3 28. Kf1 Nc6 29. Bc7 Rd7 30. Bg3 Kf7
31. Rc1 Nb4 32. Ke2 e5 33. f3 Ke6 34. Rc8 Nd5 35. Re8+ Re7
36. Rc8 f4 37. Bf2 Kd7 38. Ra8 Kc6 39. e4 Nb4 40. Be1 Kb5
41. Bc3 Nc6 42. Kd3 Kc5 43. Rc8 Rd7+ 44. Kc2 Kd6 45. b4 b5
46. Kb3 Rb7 47. Rh8 h6 48. Rc8 Rc7 49. Rg8 Ke6 50. Re8+ Re7
51. Rc8 Kd7 52. Rg8 Kc7 53. Rf8 Kb6 54. Ra8 Kb7 55. Rf8 Kc7
56. Rg8 Kd7 57. Rf8 Kd6 58. Rg8 Rb7 59. Rc8 a5 60. bxa5 b4
61. a6 Rb6 62. Bd2 Rxa6 63. Rg8 Ra3+ 64. Kc4 Ra2 65. Bxb4+
Nxb4 66. Kxb4 Rxg2 67. Kc4 h5 68. h4 Rg3 69. Rd8+ Ke6 70. Re8+
Kd6 71. Rd8+ Ke7 72. Rh8 Rxf3 73. Rxh5 Kd6 74. Rg5 Rg3 75. Rf5
Re3 76. Rf7 Rxe4+ 77. Kd3 Re3+ 78. Kd2 Rg3 0-1

[Event "US Chess Championships (Women)"]
[Site "St Louis, MO USA"]
[Date "2013.05.11"]
[EventDate "2013.05.03"]
[Round "8"]
[Result "0-1"]
[White "Iryna Zenyuk"]
[Black "Anna Zatonskih"]
[WhiteElo "2243"]
[BlackElo "2466"]
[PlyCount "78"]

1. d4 Nf6 2. c4 e6 3. Nc3 Bb4 4. e3 O-O 5. Bd3 d5 6. Nf3 c5
7. O-O dxc4 8. Bxc4 cxd4 9. exd4 b6 10. Bg5 Bb7 11. Ne5 Nbd7
12. Qe2 Bxc3 13. bxc3 Rc8 14. Rac1 Qc7 15. Bd3 Nxe5 16. dxe5
Qc6 17. f3 Qc5+ 18. Kh1 h6 19. Bd2 Nd7 20. Rfe1 Rfd8 21. Bf4
Nf8 22. Bg3 Rd7 23. Bf2 Qa3 24. Bb5 Rdd8 25. Qc2 Ng6 26. Qb3
Qe7 27. Bg3 h5 28. h3 Qg5 29. Bf2 Rd2 30. Rc2 Nh4 31. Bf1 Nxf3
32. gxf3 Bxf3+ 33. Kh2 Qf4+ 34. Kg1 Qg5+ 35. Kh2 Rxf2+
36. Rxf2 Qf4+ 37. Kg1 Qg3+ 38. Bg2 Bxg2 39. Rxg2 Qxe1+ 0-1

[Event "US Chess Championships (Women)"]
[Site "St Louis, MO USA"]
[Date "2013.05.12"]
[EventDate "2013.05.03"]
[Round "9"]
[Result "1-0"]
[White "Anna Zatonskih"]
[Black "Sabina-Francesca Foisor"]
[WhiteElo "2466"]
[BlackElo "2300"]
[PlyCount "95"]

1. d4 g6 2. e4 Bg7 3. Nf3 d6 4. Nc3 Nd7 5. Bc4 e6 6. O-O h6
7. Be3 a6 8. a4 b6 9. Qe2 Ne7 10. Rad1 O-O 11. h3 Bb7 12. Bb3
Kh7 13. Nh2 Ng8 14. f4 Qe7 15. Bf2 Rae8 16. Bc4 Nb8 17. Nf3 f5
18. e5 Bxf3 19. Qxf3 d5 20. Bd3 Qb4 21. Rb1 c5 22. Rfc1 Ne7
23. Ra1 cxd4 24. Ne2 Nec6 25. c3 Qe7 26. Nxd4 Rc8 27. Kh1 Rfd8
28. g4 Qf7 29. Rg1 Rg8 30. Rg2 Bxe5 31. gxf5 exf5 32. fxe5
Nxe5 33. Qd1 Rce8 34. Qc2 Nxd3 35. Qxd3 Re4 36. Rag1 g5
37. Nf3 Qh5 38. Nd2 Rg7 39. Qxd5 Rf4 40. Bg3 Qxh3+ 41. Rh2 Qg4
42. Bxf4 Qxf4 43. Rf1 Qc7 44. Qxf5+ Kg8 45. Qd5+ Kh7 46. Ne4
Nd7 47. Qf5+ Kg8 48. Qe6+ 1-0